000 00687cab a2200217 4500
001 WB3116-38
008 090401t1995 xxu||||| |||| 00| 0 eng d
035 _a(Sirsi) u57503
041 _aeng
245 _aKing Coal secures place in history
260 _c1995
350 _a0
490 _aIndependent
_v17 April 1995, 3(1)
520 _aDozens of pithead structures are to be given listed building protection. A survey of 330 pit sites and buildings is being edited by English Heritage to form a shortlist of treasures.
650 _aCOAL MINES
650 _aLISTED BUILDINGS
650 _aPITHEAD BUILDINGS
690 _aCONSERVATION
942 _n0
948 _c04/03/1997
999 _c35076
_d35076